Ciekawostki o państwach świata - Statystyki

Ogólne statystyki
  • Ten quiz został rozwiązany 102 razy
  • Średni wynik to 5 z 10
Statystyki odpowiedzi
Zagadnienie Odpowiedź % Poprawnych
Jak nazywa się najmniejsze państwo na świecie pod względem powierzchni? Watykan
96%
Który kraj jest jedynym na świecie, gdzie oficjalnym językiem jest mandaryński? Chiny
75%
Który kraj jest największym producentem kawy na świecie? Brazylia
73%
W którym kraju znajduje się najwięcej wulkanów? Indonezja
56%
W którym kraju jest najwięcej naturalnych jezior? Kanada
56%
W którym kraju znajduje się najwyżej położona stolica świata? Boliwia
50%
W którym kraju znajduje się miasto Batman? Turcja
46%
Który kraj ma największą liczbę wysp? Szwecja
35%
Jaki kraj produkuje najwięcej oliwy z oliwek? Hiszpania
23%
Który kraj nie ma stałej armii? Kostaryka
17%
Nie znaleziono quizów pasujących do podanych kryteriów
Rozkład punktacji
Procent ludzi z każdym wynikiem
Percentyl według liczby udzielonych odpowiedzi
Twoja historia wyników
Nie rozwiązałeś tego quizu